| 000 | 00389nam a2200169Ia 4500 | ||
|---|---|---|---|
| 005 | 20250423101402.0 | ||
| 008 | 250422s9999 xx 000 0 und d | ||
| 020 | _a0806500794 | ||
| 050 | _aB 819 .M25/ | ||
| 100 | _aGabriel Marcel | ||
| 245 | 4 | _aThe philosophy of existentialism | |
| 260 | _aNew York | ||
| 260 | _bCitadel press | ||
| 260 | _c1956 | ||
| 300 | _a128 p | ||
| 942 | _cBK | ||
| 999 |
_c36154 _d36154 |
||